000 00401nam a22001457a 4500
005 20200612135950.0
008 200612b xxu||||| |||| 00| 0 eng d
082 _a345.4 AIR
110 _aALL INDIA REPORTER ,
_96040
245 _aALL INDIA REPORTER , [2005] [VOL-92] ALLAHABAD SECTION
260 _aMUMBAI
_bALL INDIA REPORTER , PVT. LTD.
300 _a544;p
650 _aLAW
_95701
942 _cJRL
999 _c7099
_d7097